000
00299nam a22001337a 4500
003
SGT
082
_a
617.6
_b
L10S
100
_a
SINGH, NEETIKA
245
_a
LASERS IN PEDIATRIC DENTISTRY
260
_a
DELHI NCR
_b
SGTU GURUGRAM
_c
2010
300
_a
1-100
650
_a
PEDIATRICS
942
_2
ddc
_c
TH
999
_c
17963
_d
17963